Mikrobióm kože - kozmetické aspekty prospešných a škodlivých mikroorganizmov

Salvato in:
Dettagli Bibliografici
Autore principale: Svitková, Natália (Autore)
Altri autori: Hojerová, Jarmila (Relatore della tesi)
Natura: Manoscritto Libro
Lingua:slovacco
Pubblicazione: 2019
Soggetti:
Accesso online:http://is.stuba.sk/zp/portal_zp.pl?podrobnosti=136074
Tags: Aggiungi Tag
Nessun Tag, puoi essere il primo ad aggiungerne!!

MARC

LEADER 00000ntm a22000003a 4500
001 stuzp71910
003 SK-STU
005 20190622210905.7
007 ta
008 150427s2015----xo-----f-mn---000-0-slo-d
040 |a STU  |b slo 
041 0 |a slo 
100 1 |a Svitková, Natália  |u 040200  |4 aut  |U FCHPT Fakulta chemickej a potravinárskej technológie  |T FCHPT Ústav potravinárstva a výživy  |X 87044  |U C020  |Y 684  |7 87044 
242 0 1 |a The Skin Microbiome - Cosmetic Aspects of Beneficial and Harmful Microorganisms  |y eng 
245 1 0 |a Mikrobióm kože - kozmetické aspekty prospešných a škodlivých mikroorganizmov 
260 |c 2019 
650 4 |a Koža  |2 slo 
650 4 |a Mikroorganizmy  |2 slo 
650 4 |a Zdravie  |2 slo 
650 4 |a Choroby  |2 slo 
650 4 |a Skin  |2 eng 
650 4 |a Microorganisms  |2 eng 
650 4 |a Health  |2 eng 
650 4 |a Diseases  |2 eng 
700 1 |a Hojerová, Jarmila  |u 040250  |k Z1  |4 ths  |U FCHPT Ústav potravinárstva a výživy  |T FCHPT Oddelenie potravinárskej technológie  |X 3324  |U C0250  |Y 685  |7 A000003324 
856 4 |u http://is.stuba.sk/zp/portal_zp.pl?podrobnosti=136074